On Artinian rings

Elmentve itt :
Bibliográfiai részletek
Szerzők: Szele Tibor
Fuchs László
Dokumentumtípus: Cikk
Megjelent: 1956
Sorozat:Acta scientiarum mathematicarum 17
Kulcsszavak:Artin Emil, Természettudomány, Matematika, Művelődés
Online Access:http://acta.bibl.u-szeged.hu/13794
LEADER 00643nab a2200193 i 4500
001 acta13794
005 20210412100924.0
008 161015s1956 hu o 0|| eng d
022 |a 0001-6969 
040 |a SZTE Egyetemi Kiadványok Repozitórium  |b hun 
041 |a eng 
100 1 |a Szele Tibor 
245 1 3 |a On Artinian rings  |h [elektronikus dokumentum] /  |c  Szele Tibor 
260 |c 1956 
300 |a 30-40 
490 0 |a Acta scientiarum mathematicarum  |v 17 
695 |a Artin Emil, Természettudomány, Matematika, Művelődés 
700 0 1 |a Fuchs László  |e aut 
856 4 0 |u http://acta.bibl.u-szeged.hu/13794/1/math_017_030-040.pdf  |z Dokumentum-elérés